Normal view
MARC view
Entry Personal Name
001 - CONTROL NUMBER
- control field: 245497
003 - CONTROL NUMBER IDENTIFIER
- control field: St Aloysius Coll
005 - DATE AND TIME OF LATEST TRANSACTION
- control field: 20251113184059.0
008 - FIXED-LENGTH DATA ELEMENTS
- fixed length control field: 251113|| aca||aabn | a|a d
040 ## - CATALOGING SOURCE
- Original cataloging agency: St Aloysius Coll
- Transcribing agency: St Aloysius Coll
100 ## - HEADING--PERSONAL NAME
- Personal name: Sharma, R K
670 ## - SOURCE DATA FOUND
- Source citation: Work cat.: (St Aloysius Coll)173287: Sharma R N 114143, Educational psychology, 2002